[Event "European Individual Chess Championship 2017"]
[Site "Minsk"]
[Date "2017.06.09"]
[Round "10.10"]
[White "Fridman, Daniel"]
[Black "Areshchenko, Alexander"]
[Result "1/2-1/2"]
[BlackElo "2677"]
[WhiteElo "2605"]
[LiveChessVersion "1.4.8"]

1. Nf3 {[%clk 1:30:31]} Nf6 {[%clk 1:30:49]} 2. d4 {[%clk 1:30:52]} g6
{[%clk 1:31:05]} 3. c4 {[%clk 1:31:15]} Bg7 {[%clk 1:31:25]} 4. g3
{[%clk 1:31:39]} c6 {[%clk 1:31:40]} 5. Bg2 {[%clk 1:32:02]} d5 {[%clk 1:32:03]}
6. cxd5 {[%clk 1:31:41]} cxd5 {[%clk 1:32:29]} 7. Nc3 {[%clk 1:32:02]} Ne4
{[%clk 1:32:42]} 8. Nxe4 {[%clk 1:30:47]} dxe4 {[%clk 1:33:05]} 9. Ne5
{[%clk 1:31:13]} Nd7 {[%clk 1:33:13]} 10. Nxd7 {[%clk 1:30:57]} Qxd7
{[%clk 1:33:36]} 11. Bxe4 {[%clk 1:31:00]} Qxd4 {[%clk 1:33:53]} 12. Qxd4
{[%clk 1:31:24]} Bxd4 {[%clk 1:34:18]} 13. O-O {[%clk 1:31:48]} O-O
{[%clk 1:34:13]} 14. Rd1 {[%clk 1:30:57]} Bg7 {[%clk 1:34:10]} 15. Be3
{[%clk 1:29:45]} Be6 {[%clk 1:33:41]} 16. Bd4 {[%clk 1:28:10]} Rfd8
{[%clk 1:33:13]} 17. Bxg7 {[%clk 1:28:01]} Kxg7 {[%clk 1:33:35]} 18. Bxb7
{[%clk 1:27:26]} Rxd1+ {[%clk 1:33:49]} 19. Rxd1 {[%clk 1:27:51]} Rb8
{[%clk 1:34:12]} 20. Bd5 {[%clk 1:28:07]} Bxd5 {[%clk 1:34:31]} 1/2-1/2

[Event "European Individual Chess Championship 2017"]
[Site "Minsk"]
[Date "2017.06.09"]
[Round "10.11"]
[White "Motylev, Alexander"]
[Black "Erdos, Viktor"]
[Result "1/2-1/2"]
[BlackElo "2614"]
[WhiteElo "2665"]
[LiveChessVersion "1.4.8"]

1. e4 {[%clk 1:30:57]} e5 {[%clk 1:24:28]} 2. Nf3 {[%clk 1:31:19]} Nc6
{[%clk 1:24:52]} 3. Bb5 {[%clk 1:31:36]} a6 {[%clk 1:25:16]} 4. Ba4
{[%clk 1:32:02]} Nf6 {[%clk 1:25:40]} 5. O-O {[%clk 1:32:27]} Be7
{[%clk 1:26:05]} 6. Re1 {[%clk 1:32:46]} b5 {[%clk 1:26:20]} 7. Bb3
{[%clk 1:33:11]} d6 {[%clk 1:26:38]} 8. c3 {[%clk 1:33:33]} O-O {[%clk 1:26:55]}
9. h3 {[%clk 1:33:59]} Re8 {[%clk 1:26:49]} 10. d4 {[%clk 1:34:12]} Bb7
{[%clk 1:27:12]} 11. Nbd2 {[%clk 1:34:31]} Bf8 {[%clk 1:27:32]} 12. a3
{[%clk 1:34:46]} h6 {[%clk 1:27:13]} 13. Bc2 {[%clk 1:33:45]} Nb8
{[%clk 1:25:48]} 14. b4 {[%clk 1:31:50]} Nbd7 {[%clk 1:24:45]} 15. Bb2
{[%clk 1:32:03]} c5 {[%clk 1:20:52]} 16. bxc5 {[%clk 1:25:12]} exd4
{[%clk 1:20:30]} 17. cxd6 {[%clk 1:15:39]} dxc3 {[%clk 1:20:01]} 18. Bxc3
{[%clk 1:16:02]} Bxd6 {[%clk 1:19:42]} 19. e5 {[%clk 1:09:48]} Nd5
{[%clk 1:19:48]} 20. Bb2 {[%clk 1:10:04]} Bc7 {[%clk 1:17:12]} 1/2-1/2

[Event "European Individual Chess Championship 2017"]
[Site "Minsk"]
[Date "2017.06.09"]
[Round "10.12"]
[White "Andreikin, Dmitry"]
[Black "Aleksandrov, Aleksej"]
[Result "1/2-1/2"]
[BlackElo "2559"]
[WhiteElo "2723"]
[LiveChessVersion "1.4.8"]

1. Nf3 {[%clk 1:25:12]} d5 2. g3 {[%clk 1:25:34]} c6 {[%clk 1:27:46]} 3. Bg2
{[%clk 1:25:59]} Bg4 {[%clk 1:28:05]} 4. O-O {[%clk 1:17:59]} Nf6
{[%clk 1:25:53]} 5. d3 {[%clk 1:18:17]} Nbd7 {[%clk 1:23:17]} 6. Qe1
{[%clk 1:18:29]} e5 {[%clk 1:21:35]} 7. e4 {[%clk 1:18:32]} dxe4 {[%clk 1:21:05]}
8. dxe4 {[%clk 1:18:58]} Bc5 {[%clk 1:21:29]} 9. Nbd2 {[%clk 1:17:38]} O-O
{[%clk 1:21:23]} 10. h3 {[%clk 1:16:00]} Bh5 {[%clk 1:17:18]} 11. Nh4
{[%clk 1:15:56]} Re8 {[%clk 1:17:27]} 12. Nb3 {[%clk 1:05:07]} Bf8
{[%clk 1:09:19]} 13. Be3 {[%clk 1:02:17]} Qc7 {[%clk 1:06:30]} 14. a4
{[%clk 0:51:44]} c5 {[%clk 1:03:56]} 15. Nd2 {[%clk 0:42:35]} c4 {[%clk 1:03:54]}
16. Nb1 {[%clk 0:42:55]} Rac8 {[%clk 0:59:16]} 17. Nc3 {[%clk 0:39:34]} Bb4
{[%clk 0:57:36]} 18. f3 {[%clk 0:39:49]} Qa5 {[%clk 0:56:51]} 19. Qf2
{[%clk 0:35:34]} a6 {[%clk 0:56:20]} 20. Rfd1 {[%clk 0:35:10]} Bg6
{[%clk 0:56:12]} 21. Nd5 {[%clk 0:33:39]} Nxd5 {[%clk 0:49:27]} 22. Rxd5
{[%clk 0:33:23]} Qc7 {[%clk 0:49:53]} 23. Bf1 {[%clk 0:30:12]} Qc6
{[%clk 0:44:41]} 24. a5 {[%clk 0:25:06]} Nf6 {[%clk 0:39:13]} 25. Rdd1
{[%clk 0:25:29]} Red8 {[%clk 0:38:45]} 26. Bb6 {[%clk 0:18:12]} Rxd1
{[%clk 0:38:39]} 27. Rxd1 {[%clk 0:18:38]} Nd7 {[%clk 0:38:36]} 28. Kh2
{[%clk 0:17:52]} Kf8 {[%clk 0:38:50]} 29. Rd5 {[%clk 0:14:07]} c3
{[%clk 0:29:29]} 30. b3 {[%clk 0:13:16]} Nxb6 {[%clk 0:29:54]} 31. Qxb6
{[%clk 0:11:53]} Qxb6 {[%clk 0:29:59]} 32. axb6 {[%clk 0:12:19]} Rc6
{[%clk 0:26:09]} 33. Bxa6 {[%clk 0:09:38]} Rxb6 {[%clk 0:26:34]} 34. Bc4
{[%clk 0:08:10]} Rd6 {[%clk 0:26:20]} 35. Kg1 {[%clk 0:08:16]} f6
{[%clk 0:24:54]} 36. Nxg6+ {[%clk 0:01:29]} hxg6 {[%clk 0:25:20]} 37. Kf1
{[%clk 1:30:30]} 1/2-1/2

[Event "European Individual Chess Championship 2017"]
[Site "Minsk"]
[Date "2017.06.09"]
[Round "10.13"]
[White "Jakovenko, Dmitry"]
[Black "Parligras, Mircea-Emilian"]
[Result "1-0"]
[BlackElo "2607"]
[WhiteElo "2718"]
[LiveChessVersion "1.4.8"]

1. Nf3 {[%clk 1:25:13]} Nf6 {[%clk 1:30:09]} 2. g3 {[%clk 1:24:59]} d5
{[%clk 1:29:57]} 3. Bg2 {[%clk 1:24:33]} c6 {[%clk 1:29:06]} 4. O-O
{[%clk 1:22:50]} Bg4 {[%clk 1:29:21]} 5. d3 {[%clk 1:19:49]} e6 {[%clk 1:29:27]}
6. Qe1 {[%clk 1:17:40]} Be7 {[%clk 1:29:12]} 7. e4 {[%clk 1:18:04]} O-O
{[%clk 1:28:47]} 8. h3 {[%clk 1:12:34]} Bh5 {[%clk 1:28:28]} 9. Nc3
{[%clk 1:12:02]} Nbd7 {[%clk 1:27:09]} 10. Kh1 {[%clk 1:07:00]} a5
{[%clk 1:22:15]} 11. a3 {[%clk 0:55:03]} a4 {[%clk 1:19:43]} 12. Bg5
{[%clk 0:51:10]} h6 {[%clk 1:11:10]} 13. Bd2 {[%clk 0:49:55]} Qc7
{[%clk 1:07:15]} 14. Nh4 {[%clk 0:41:02]} dxe4 {[%clk 1:02:39]} 15. Nxe4
{[%clk 0:39:37]} Nxe4 {[%clk 1:00:17]} 16. Qxe4 {[%clk 0:39:47]} Qe5
{[%clk 0:59:05]} 17. Qxe5 {[%clk 0:33:35]} Nxe5 {[%clk 0:59:27]} 18. Rae1
{[%clk 0:33:22]} Nd7 {[%clk 0:56:37]} 19. Nf5 {[%clk 0:28:13]} Bf6
{[%clk 0:52:29]} 20. Nd6 {[%clk 0:28:32]} Bxb2 {[%clk 0:51:32]} 21. Nxb7
{[%clk 0:28:53]} Bxa3 {[%clk 0:50:50]} 22. Na5 {[%clk 0:22:16]} Nb6
{[%clk 0:33:42]} 23. Re5 {[%clk 0:21:31]} Bg6 {[%clk 0:32:01]} 24. Bxc6
{[%clk 0:21:53]} Rac8 {[%clk 0:19:34]} 25. Rb5 {[%clk 0:21:38]} Nd5
{[%clk 0:19:43]} 26. Rb7 {[%clk 0:18:18]} Rfd8 {[%clk 0:09:43]} 27. Bxa4
{[%clk 0:15:49]} Nc3 {[%clk 0:07:31]} 28. Bd7 {[%clk 0:07:18]} Rc5
{[%clk 0:07:56]} 29. Nb3 {[%clk 0:06:46]} Rd5 {[%clk 0:07:41]} 30. Bxe6
{[%clk 0:05:58]} fxe6 {[%clk 0:08:00]} 31. Bxc3 {[%clk 0:06:25]} Bf8
{[%clk 0:08:16]} 32. Rc7 {[%clk 0:05:26]} e5 {[%clk 0:07:58]} 33. Nd2
{[%clk 0:04:55]} Bd6 {[%clk 0:06:24]} 34. Rc4 {[%clk 0:04:05]} Be8
{[%clk 0:06:07]} 35. Kh2 {[%clk 0:00:56]} Bb5 {[%clk 0:06:16]} 36. Rg4
{[%clk 0:00:58]} Rc8 {[%clk 0:05:54]} 37. Ne4 {[%clk 0:00:44]} Be7
{[%clk 0:05:53]} 38. Rg6 {[%clk 0:00:51]} Bd7 {[%clk 0:03:27]} 39. g4
{[%clk 0:00:58]} Ba4 {[%clk 0:00:44]} 40. Rc1 {[%clk 0:30:40]} Bg5
{[%clk 0:30:36]} 41. Ra1 {[%clk 0:12:33]} Bf4+ {[%clk 0:29:13]} 42. Kg1
{[%clk 0:12:53]} Kh7 {[%clk 0:28:19]} 43. Rd6 {[%clk 0:13:17]} Bc6
{[%clk 0:20:51]} 44. Ra6 {[%clk 0:12:42]} Bb7 {[%clk 0:21:12]} 45. Rab6
{[%clk 0:11:06]} Ba8 {[%clk 0:21:31]} 46. Rb3 {[%clk 0:10:44]} Rxd6
{[%clk 0:17:45]} 47. Nxd6 {[%clk 0:11:10]} Rc7 {[%clk 0:18:02]} 48. Nf5
{[%clk 0:07:58]} Bf3 {[%clk 0:11:34]} 49. Ne3 {[%clk 0:07:55]} h5
{[%clk 0:09:04]} 50. gxh5 {[%clk 0:08:08]} Bxh5 {[%clk 0:07:30]} 51. Bxe5
{[%clk 0:06:46]} Bxe5 {[%clk 0:07:46]} 52. Rb5 {[%clk 0:07:12]} Re7
{[%clk 0:08:10]} 53. Nc4 {[%clk 0:06:57]} Bd1 {[%clk 0:08:23]} 54. Rxe5
{[%clk 0:06:34]} Rxe5 {[%clk 0:08:49]} 55. Nxe5 {[%clk 0:07:03]} Bxc2
{[%clk 0:09:16]} 56. h4 {[%clk 0:06:35]} Kh6 {[%clk 0:09:34]} 57. Kg2
{[%clk 0:06:49]} g5 {[%clk 0:08:28]} 58. Kg3 {[%clk 0:07:15]} Kh5
{[%clk 0:08:40]} 59. hxg5 {[%clk 0:07:41]} Kxg5 {[%clk 0:09:06]} 60. Kf3
{[%clk 0:07:04]} Kf5 {[%clk 0:09:19]} 61. d4 {[%clk 0:07:30]} Bb1
{[%clk 0:08:34]} 62. Ke3 {[%clk 0:07:56]} Ke6 {[%clk 0:07:53]} 63. Nc4
{[%clk 0:08:08]} Kd5 {[%clk 0:08:04]} 64. Nb6+ {[%clk 0:08:34]} Ke6
{[%clk 0:07:57]} 65. d5+ {[%clk 0:08:02]} Ke5 {[%clk 0:06:25]} 66. f4+
{[%clk 0:08:26]} Kf6 {[%clk 0:06:50]} 67. d6 {[%clk 0:07:43]} Bf5
{[%clk 0:06:54]} 68. Kd4 {[%clk 0:08:08]} Bg4 {[%clk 0:05:59]} 69. d7
{[%clk 0:08:30]} Ke7 {[%clk 0:06:27]} 70. Ke5 {[%clk 0:08:57]} 1-0

[Event "European Individual Chess Championship 2017"]
[Site "Minsk"]
[Date "2017.06.09"]
[Round "10.14"]
[White "Ponomariov, Ruslan"]
[Black "Mchedlishvili, Mikheil"]
[Result "1-0"]
[BlackElo "2605"]
[WhiteElo "2712"]
[LiveChessVersion "1.4.8"]

1. e4 {[%clk 1:29:36]} c6 {[%clk 1:30:27]} 2. d4 {[%clk 1:29:54]} d5
{[%clk 1:30:49]} 3. e5 {[%clk 1:30:15]} Bf5 {[%clk 1:30:29]} 4. h4
{[%clk 1:30:35]} h5 {[%clk 1:26:40]} 5. Bd3 {[%clk 1:29:56]} Bxd3
{[%clk 1:26:09]} 6. Qxd3 {[%clk 1:30:21]} Qa5+ {[%clk 1:21:16]} 7. Nd2
{[%clk 1:29:22]} e6 {[%clk 1:20:45]} 8. Ngf3 {[%clk 1:27:44]} Nh6
{[%clk 1:19:22]} 9. O-O {[%clk 1:26:19]} Nf5 {[%clk 1:17:45]} 10. c4
{[%clk 1:22:51]} Be7 {[%clk 1:13:27]} 11. g3 {[%clk 1:18:44]} Nd7
{[%clk 1:06:58]} 12. b3 {[%clk 1:14:48]} Rd8 {[%clk 0:56:45]} 13. Qc2
{[%clk 1:08:19]} Nf8 {[%clk 0:52:09]} 14. Bb2 {[%clk 1:06:08]} Rg8
{[%clk 0:48:45]} 15. Ng5 {[%clk 0:55:07]} Bxg5 {[%clk 0:32:19]} 16. hxg5
{[%clk 0:55:00]} Ng6 {[%clk 0:32:48]} 17. Nf3 {[%clk 0:54:17]} h4
{[%clk 0:32:28]} 18. g4 {[%clk 0:53:02]} Nfe7 {[%clk 0:32:56]} 19. Rfe1
{[%clk 0:52:11]} Rh8 {[%clk 0:32:06]} 20. Re3 {[%clk 0:45:53]} Rd7
{[%clk 0:30:47]} 21. a4 {[%clk 0:45:29]} Qd8 {[%clk 0:30:00]} 22. Kh2
{[%clk 0:43:22]} Nf4 {[%clk 0:23:12]} 23. Rd1 {[%clk 0:40:01]} Neg6
{[%clk 0:21:53]} 24. Bc1 {[%clk 0:38:56]} h3 {[%clk 0:20:25]} 25. c5
{[%clk 0:34:26]} Qe7 {[%clk 0:11:13]} 26. Rg1 {[%clk 0:31:43]} Rd8
{[%clk 0:08:52]} 27. b4 {[%clk 0:29:20]} a6 {[%clk 0:08:52]} 28. Rg3
{[%clk 0:28:09]} Kd7 {[%clk 0:04:32]} 29. Rb3 {[%clk 0:26:55]} Ra8
{[%clk 0:04:33]} 30. Qb2 {[%clk 0:21:19]} Rhc8 {[%clk 0:03:18]} 31. Be3
{[%clk 0:20:09]} Ng2 {[%clk 0:03:24]} 32. Rxh3 {[%clk 0:17:55]} N2f4
{[%clk 0:03:12]} 33. Bxf4 {[%clk 0:18:15]} Nxf4 {[%clk 0:03:41]} 34. Rh7
{[%clk 0:18:33]} Qf8 {[%clk 0:02:44]} 35. Kg3 {[%clk 0:18:25]} Ng6
{[%clk 0:03:13]} 36. Ne1 {[%clk 0:14:08]} Qe7 {[%clk 0:01:24]} 37. f4
{[%clk 0:13:11]} Rh8 {[%clk 0:01:12]} 38. Rxh8 {[%clk 0:13:22]} Nxh8
{[%clk 0:01:06]} 39. Nf3 {[%clk 0:13:04]} Ng6 {[%clk 0:00:59]} 40. f5
{[%clk 0:40:39]} Nf8 {[%clk 0:31:18]} 41. f6 {[%clk 0:35:58]} Qd8
{[%clk 0:30:57]} 42. fxg7 {[%clk 0:31:32]} Nh7 {[%clk 0:30:59]} 43. b5
{[%clk 0:31:50]} 1-0

[Event "European Individual Chess Championship 2017"]
[Site "Minsk"]
[Date "2017.06.09"]
[Round "10.15"]
[White "Naiditsch, Arkadij"]
[Black "Bosiocic, Marin"]
[Result "1-0"]
[BlackElo "2603"]
[WhiteElo "2700"]
[LiveChessVersion "1.4.8"]

1. e4 {[%clk 1:25:04]} e5 {[%clk 1:30:58]} 2. Nf3 {[%clk 1:25:18]} Nc6
{[%clk 1:31:24]} 3. Bb5 {[%clk 1:25:37]} Nf6 {[%clk 1:31:47]} 4. O-O
{[%clk 1:22:36]} Nxe4 {[%clk 1:32:10]} 5. d4 {[%clk 1:23:00]} Nd6
{[%clk 1:32:34]} 6. Bxc6 {[%clk 1:23:21]} dxc6 {[%clk 1:32:59]} 7. dxe5
{[%clk 1:23:45]} Nf5 {[%clk 1:33:22]} 8. Qxd8+ {[%clk 1:24:09]} Kxd8
{[%clk 1:33:44]} 9. c4 {[%clk 1:24:31]} Be6 {[%clk 1:33:41]} 10. b3
{[%clk 1:24:37]} h6 {[%clk 1:34:01]} 11. Nc3 {[%clk 1:23:11]} c5 {[%clk 1:32:17]}
12. Bb2 {[%clk 1:07:50]} Kd7 {[%clk 1:31:46]} 13. Nd5 {[%clk 1:00:38]} g5
{[%clk 1:30:41]} 14. g4 {[%clk 0:50:44]} Ne7 {[%clk 1:29:05]} 15. Nf6+
{[%clk 0:50:57]} Kc6 {[%clk 1:29:10]} 16. h4 {[%clk 0:51:11]} gxh4
{[%clk 1:19:28]} 17. Nxh4 {[%clk 0:46:36]} Ng8 {[%clk 1:14:19]} 18. f3
{[%clk 0:40:48]} Nxf6 {[%clk 1:12:59]} 19. exf6 {[%clk 0:41:15]} Bd6
{[%clk 1:12:13]} 20. Kf2 {[%clk 0:40:05]} Rag8 {[%clk 1:09:36]} 21. Rg1
{[%clk 0:34:46]} b5 {[%clk 0:53:04]} 22. Rae1 {[%clk 0:34:45]} Rg5
{[%clk 0:48:37]} 23. Re4 {[%clk 0:28:35]} bxc4 {[%clk 0:41:30]} 24. bxc4
{[%clk 0:28:58]} h5 {[%clk 0:36:27]} 25. Bc1 {[%clk 0:18:10]} Re5
{[%clk 0:36:53]} 26. g5 {[%clk 0:17:59]} Rxe4 {[%clk 0:37:05]} 27. fxe4
{[%clk 0:18:24]} Bxc4 {[%clk 0:36:57]} 28. g6 {[%clk 0:11:49]} fxg6
{[%clk 0:36:07]} 29. Nxg6 {[%clk 0:12:07]} Re8 {[%clk 0:35:46]} 30. Kf3
{[%clk 0:12:16]} Bxa2 {[%clk 0:27:11]} 31. Bf4 {[%clk 0:11:03]} Bf7
{[%clk 0:22:20]} 32. e5 {[%clk 0:11:20]} Bf8 {[%clk 0:22:00]} 33. Ke4
{[%clk 0:07:53]} a5 {[%clk 0:18:46]} 34. Nxf8 {[%clk 0:06:35]} Rxf8
{[%clk 0:19:11]} 35. Rg7 {[%clk 0:05:36]} Be6 {[%clk 0:13:27]} 36. Re7
{[%clk 0:05:42]} Bb3 {[%clk 0:11:48]} 37. Kf5 {[%clk 0:05:52]} Bc2+
{[%clk 0:10:07]} 38. Kg5 {[%clk 0:06:02]} a4 {[%clk 0:07:57]} 39. f7
{[%clk 0:05:12]} a3 {[%clk 0:06:29]} 40. e6 {[%clk 0:35:04]} Kd5 {[%clk 0:35:35]}
41. Kf6 {[%clk 0:31:00]} Ba4 {[%clk 0:30:42]} 42. Rxc7 {[%clk 0:29:15]} a2
{[%clk 0:29:30]} 43. Be5 {[%clk 0:29:37]} Bb3 {[%clk 0:29:30]} 44. Ba1
{[%clk 0:27:46]} Kd6 {[%clk 0:28:15]} 45. Rd7+ {[%clk 0:27:59]} Kc6
{[%clk 0:28:42]} 46. Re7 {[%clk 0:27:14]} Rd8 {[%clk 0:26:24]} 47. Re8
{[%clk 0:26:47]} Rd1 {[%clk 0:24:39]} 1-0

[Event "European Individual Chess Championship 2017"]
[Site "Minsk"]
[Date "2017.06.09"]
[Round "10.16"]
[White "Bacrot, Etienne"]
[Black "Prohaszka, Peter"]
[Result "1-0"]
[BlackElo "2596"]
[WhiteElo "2696"]
[LiveChessVersion "1.4.8"]

1. e4 {[%clk 1:25:24]} c6 {[%clk 1:30:58]} 2. Nf3 {[%clk 1:25:47]} d5
{[%clk 1:31:21]} 3. Nc3 {[%clk 1:26:13]} Bg4 {[%clk 1:31:46]} 4. h3
{[%clk 1:26:31]} Bxf3 {[%clk 1:32:11]} 5. Qxf3 {[%clk 1:26:56]} e6
{[%clk 1:32:34]} 6. Be2 {[%clk 1:27:05]} Nd7 {[%clk 1:28:45]} 7. d4
{[%clk 1:17:53]} dxe4 {[%clk 1:27:31]} 8. Nxe4 {[%clk 1:17:35]} Ngf6
{[%clk 1:27:48]} 9. Nxf6+ {[%clk 1:13:24]} Nxf6 {[%clk 1:20:08]} 10. c3
{[%clk 1:13:47]} Bd6 {[%clk 1:16:08]} 11. h4 {[%clk 1:12:34]} Qa5
{[%clk 1:04:02]} 12. Bg5 {[%clk 1:03:54]} Qd5 {[%clk 1:03:47]} 13. O-O
{[%clk 0:53:22]} h6 {[%clk 0:59:45]} 14. Be3 {[%clk 0:53:43]} O-O
{[%clk 0:51:59]} 15. Rfd1 {[%clk 0:49:07]} Rad8 {[%clk 0:49:07]} 16. g3
{[%clk 0:44:11]} Rd7 {[%clk 0:43:05]} 17. c4 {[%clk 0:36:53]} Qxf3
{[%clk 0:40:26]} 18. Bxf3 {[%clk 0:37:20]} Rfd8 {[%clk 0:38:16]} 19. g4
{[%clk 0:35:19]} Bc7 {[%clk 0:22:30]} 20. Rab1 {[%clk 0:25:34]} Bb6
{[%clk 0:21:58]} 21. g5 {[%clk 0:25:30]} hxg5 {[%clk 0:19:44]} 22. hxg5
{[%clk 0:25:50]} Nh7 {[%clk 0:19:14]} 23. c5 {[%clk 0:26:04]} Bc7
{[%clk 0:19:39]} 24. b4 {[%clk 0:26:25]} a6 {[%clk 0:14:41]} 25. a4
{[%clk 0:25:39]} Rc8 {[%clk 0:05:18]} 26. Bg2 {[%clk 0:25:35]} Nf8
{[%clk 0:05:04]} 27. b5 {[%clk 0:22:35]} axb5 {[%clk 0:05:29]} 28. axb5
{[%clk 0:23:02]} Ng6 {[%clk 0:03:56]} 29. bxc6 {[%clk 0:19:45]} bxc6
{[%clk 0:04:24]} 30. Bxc6 {[%clk 0:20:06]} Bh2+ {[%clk 0:04:48]} 31. Kxh2
{[%clk 0:20:30]} Rxc6 {[%clk 0:05:17]} 32. Rb8+ {[%clk 0:12:05]} Kh7
{[%clk 0:05:14]} 33. Rdb1 {[%clk 0:11:56]} Ne7 {[%clk 0:03:57]} 34. Kg2
{[%clk 0:11:05]} Kg6 {[%clk 0:03:55]} 35. Kf3 {[%clk 0:09:02]} Kf5
{[%clk 0:03:52]} 36. Rh1 {[%clk 0:06:34]} Ng6 {[%clk 0:00:47]} 37. Rh7
{[%clk 0:03:34]} e5 {[%clk 0:01:16]} 38. d5 {[%clk 0:03:38]} Rxd5
{[%clk 0:01:45]} 39. Rxg7 {[%clk 0:03:51]} Rd7 {[%clk 0:01:35]} 40. Rb6
{[%clk 0:32:22]} e4+ {[%clk 0:30:38]} 41. Kg3 {[%clk 0:29:25]} Rxb6
{[%clk 0:13:40]} 42. cxb6 {[%clk 0:29:48]} Ne5 {[%clk 0:14:08]} 43. Rg8
{[%clk 0:25:45]} Rd1 {[%clk 0:13:00]} 44. Rc8 {[%clk 0:18:02]} Rg1+
{[%clk 0:12:53]} 45. Kh3 {[%clk 0:18:26]} Rh1+ {[%clk 0:13:15]} 46. Kg2
{[%clk 0:18:52]} Rb1 {[%clk 0:13:43]} 47. Rc1 {[%clk 0:17:57]} Rb4
{[%clk 0:12:02]} 48. Rc7 {[%clk 0:17:12]} Ke6 {[%clk 0:04:24]} 49. Kg3
{[%clk 0:15:57]} Nc4 {[%clk 0:04:14]} 50. Rc6+ {[%clk 0:14:17]} Kd5
{[%clk 0:00:35]} 51. Rf6 {[%clk 0:13:17]} Nd6 {[%clk 0:00:31]} 52. Kg4
{[%clk 0:09:15]} Rb1 {[%clk 0:00:51]} 53. Bf4 {[%clk 0:09:09]} Nc4
{[%clk 0:00:46]} 54. Rxf7 {[%clk 0:06:13]} Rxb6 {[%clk 0:01:05]} 55. Kf5
{[%clk 0:06:29]} Rb2 {[%clk 0:01:28]} 56. Rd7+ {[%clk 0:06:11]} Kc6
{[%clk 0:01:58]} 57. Rc7+ {[%clk 0:06:31]} Kd5 {[%clk 0:02:25]} 58. g6
{[%clk 0:05:15]} Nd6+ {[%clk 0:01:37]} 59. Kg5 {[%clk 0:04:22]} Rxf2
{[%clk 0:00:31]} 60. Rd7 {[%clk 0:04:37]} Ke6 {[%clk 0:00:41]} 61. Rxd6+
{[%clk 0:04:56]} Ke7 {[%clk 0:01:11]} 62. Rd4 {[%clk 0:04:49]} Kf8
{[%clk 0:00:31]} 63. Rxe4 {[%clk 0:04:43]} 1-0

[Event "European Individual Chess Championship 2017"]
[Site "Minsk"]
[Date "2017.06.09"]
[Round "10.17"]
[White "Onischuk, Vladimir"]
[Black "Movsesian, Sergei"]
[Result "0-1"]
[BlackElo "2680"]
[WhiteElo "2608"]
[LiveChessVersion "1.4.8"]

1. e4 {[%clk 1:30:54]} c5 {[%clk 1:30:45]} 2. Nf3 {[%clk 1:31:14]} e6
{[%clk 1:31:03]} 3. Nc3 {[%clk 1:31:21]} a6 {[%clk 1:30:45]} 4. d4
{[%clk 1:31:41]} cxd4 {[%clk 1:30:59]} 5. Nxd4 {[%clk 1:32:03]} d6
{[%clk 1:30:42]} 6. Be3 {[%clk 1:27:44]} Nc6 {[%clk 1:30:32]} 7. Be2
{[%clk 1:26:24]} Nf6 {[%clk 1:30:15]} 8. f4 {[%clk 1:24:04]} Be7 {[%clk 1:27:07]}
9. Qd2 {[%clk 1:17:42]} Bd7 {[%clk 1:14:57]} 10. Nb3 {[%clk 0:57:51]} b5
{[%clk 1:13:36]} 11. Bf3 {[%clk 0:55:40]} b4 {[%clk 1:06:34]} 12. Na4
{[%clk 0:43:33]} Rb8 {[%clk 1:05:03]} 13. Qf2 {[%clk 0:32:05]} e5
{[%clk 1:03:35]} 14. O-O-O {[%clk 0:31:30]} O-O {[%clk 0:59:12]} 15. g3
{[%clk 0:23:09]} Bg4 {[%clk 0:48:32]} 16. Kb1 {[%clk 0:17:23]} Qc7
{[%clk 0:41:53]} 17. Rd2 {[%clk 0:16:18]} Bxf3 {[%clk 0:39:07]} 18. Qxf3
{[%clk 0:16:44]} Qb7 {[%clk 0:33:03]} 19. Nb6 {[%clk 0:12:20]} Nd4
{[%clk 0:32:20]} 20. Bxd4 {[%clk 0:10:50]} Nxe4 {[%clk 0:32:24]} 21. Rd3
{[%clk 0:10:51]} exd4 {[%clk 0:32:49]} 22. Re1 {[%clk 0:08:23]} f5
{[%clk 0:31:54]} 23. Nc4 {[%clk 0:08:43]} Bf6 {[%clk 0:31:05]} 24. Qf1
{[%clk 0:05:49]} Rfc8 {[%clk 0:26:53]} 25. Ncd2 {[%clk 0:05:45]} Qc6
{[%clk 0:22:02]} 26. Rc1 {[%clk 0:04:47]} Qb6 {[%clk 0:22:27]} 27. g4
{[%clk 0:03:36]} Nxd2+ {[%clk 0:18:21]} 28. Nxd2 {[%clk 0:03:56]} fxg4
{[%clk 0:18:45]} 29. Qg2 {[%clk 0:03:40]} Qc6 {[%clk 0:18:11]} 30. Qxg4
{[%clk 0:03:23]} Re8 {[%clk 0:18:19]} 31. Nf3 {[%clk 0:02:43]} Re4
{[%clk 0:13:03]} 32. Rcd1 {[%clk 0:02:14]} Rc8 {[%clk 0:11:54]} 33. R1d2
{[%clk 0:01:55]} a5 {[%clk 0:11:16]} 34. Qf5 {[%clk 0:00:41]} a4 {[%clk 0:11:08]}
35. Rg2 {[%clk 0:00:52]} Rf8 {[%clk 0:09:36]} 36. Rg1 {[%clk 0:01:05]} Re2
{[%clk 0:07:58]} 37. Rc1 {[%clk 0:00:55]} a3 {[%clk 0:07:09]} 38. b3
{[%clk 0:00:54]} Rc8 {[%clk 0:06:57]} 39. h4 {[%clk 0:00:34]} h6 {[%clk 0:06:27]}
40. Qg4 {[%clk 0:30:33]} Rxc2 {[%clk 0:33:24]} 41. Qxc8+ {[%clk 0:27:59]} Qxc8
{[%clk 0:33:52]} 42. Rxc2 {[%clk 0:28:24]} Qf5 {[%clk 0:34:16]} 43. Rcd2
{[%clk 0:28:39]} Qxf4 {[%clk 0:34:37]} 44. Nxd4 {[%clk 0:28:46]} Qxh4
{[%clk 0:34:39]} 45. Nc2 {[%clk 0:27:07]} Be5 {[%clk 0:33:42]} 0-1

[Event "European Individual Chess Championship 2017"]
[Site "Minsk"]
[Date "2017.06.09"]
[Round "10.18"]
[White "Rakhmanov, Aleksandr"]
[Black "Bok, Benjamin"]
[Result "1/2-1/2"]
[BlackElo "2598"]
[WhiteElo "2676"]
[LiveChessVersion "1.4.8"]

1. d4 {[%clk 1:30:56]} Nf6 {[%clk 1:30:15]} 2. Nf3 {[%clk 1:29:35]} g6
{[%clk 1:29:53]} 3. g3 {[%clk 1:25:59]} c5 {[%clk 1:26:57]} 4. c3
{[%clk 1:22:42]} b6 {[%clk 1:26:45]} 5. Bg2 {[%clk 1:18:20]} Bb7 {[%clk 1:26:45]}
6. Qb3 {[%clk 1:17:22]} cxd4 {[%clk 1:01:14]} 7. cxd4 {[%clk 1:03:30]} Bg7
{[%clk 0:54:31]} 8. Ne5 {[%clk 1:01:30]} d5 {[%clk 0:54:51]} 9. Qa4+
{[%clk 0:59:29]} Nbd7 {[%clk 0:47:29]} 10. Nc3 {[%clk 0:57:10]} O-O
{[%clk 0:46:03]} 11. O-O {[%clk 0:36:31]} e6 {[%clk 0:33:08]} 12. Bg5
{[%clk 0:26:59]} h6 {[%clk 0:28:40]} 13. Be3 {[%clk 0:27:18]} Qe7
{[%clk 0:25:14]} 14. Rfc1 {[%clk 0:24:34]} a6 {[%clk 0:21:02]} 15. h3
{[%clk 0:24:33]} Rfc8 {[%clk 0:19:50]} 16. Qd1 {[%clk 0:19:41]} b5
{[%clk 0:16:51]} 17. Nxd7 {[%clk 0:13:48]} Nxd7 {[%clk 0:16:15]} 18. a3
{[%clk 0:10:50]} Nb6 {[%clk 0:08:55]} 19. b3 {[%clk 0:11:12]} Rc6
{[%clk 0:08:35]} 20. Qd3 {[%clk 0:04:26]} Rac8 {[%clk 0:03:55]} 21. Bd2
{[%clk 0:04:27]} R6c7 {[%clk 0:01:56]} 22. e3 {[%clk 0:04:40]} Bf8
{[%clk 0:01:46]} 23. Ne2 {[%clk 0:04:07]} Rxc1+ {[%clk 0:01:46]} 24. Nxc1
{[%clk 0:04:14]} Qc7 {[%clk 0:01:07]} 25. Ba5 {[%clk 0:04:11]} Bxa3
{[%clk 0:01:01]} 26. Ne2 {[%clk 0:04:00]} Bf8 {[%clk 0:01:12]} 27. Nf4
{[%clk 0:03:00]} Qd6 {[%clk 0:01:19]} 28. h4 {[%clk 0:03:03]} Nd7
{[%clk 0:00:47]} 29. Qe2 {[%clk 0:01:44]} Qc6 {[%clk 0:00:47]} 30. Bh3
{[%clk 0:01:32]} Nf6 {[%clk 0:00:48]} 31. Qf3 {[%clk 0:01:51]} Kg7
{[%clk 0:00:46]} 32. Kg2 {[%clk 0:01:06]} Qe8 {[%clk 0:00:52]} 33. Nd3
{[%clk 0:01:16]} Ne4 {[%clk 0:00:54]} 34. Qd1 {[%clk 0:01:01]} Bd6
{[%clk 0:00:52]} 35. Bg4 {[%clk 0:00:43]} Rc6 {[%clk 0:00:39]} 36. Bf3
{[%clk 0:00:34]} Qb8 {[%clk 0:00:35]} 37. Qe1 {[%clk 0:00:39]} Rc2
{[%clk 0:00:43]} 38. Qd1 {[%clk 0:00:39]} Rc8 {[%clk 0:00:33]} 39. Qe1
{[%clk 0:00:52]} Rc2 {[%clk 0:00:40]} 40. Qd1 {[%clk 0:31:21]} Rc8
{[%clk 0:30:38]} 41. Qe1 {[%clk 0:28:58]} 1/2-1/2